Busiest Airports in the former USSR - Statistics

General Stats
  • This quiz has been taken 241 times
    132 since last reset
  • The average score is 19 of 25
Answer Stats
# City Country % Correct
15.6 m Moscow (Domodedovo) Russia
100%
43.7 m Moscow (Sheremetyevo) Russia
100%
16.0 m Moscow (Vnukovo) Russia
100%
20.9 m Saint Petersburg (Pulkovo) Russia
97%
8.3 m Astana (Nursultan Nazarbayev) Kazakhstan
96%
7.5 m Baku (Heydar Aliyev) Azerbaijan
95%
7.1 m Riga Latvia
95%
11.4 m Almaty Kazakhstan
94%
3.5 m Tallinn (Lennart Meri) Estonia
93%
8.7 m Tashkent (Islam Karimov) Uzbekistan
93%
4.8 m Vilnius Lithuania
92%
5.2 m Yerevan (Zvartnots) Armenia
92%
3.0 m Bishkek (Manas) Kyrgyzstan
89%
4.1 m Chișinău Moldova
89%
4.8 m Tbilisi (Shota Rustaveli) Georgia
86%
5.4 m Kazan (Ğabdulla Tuqay) Russia
80%
9.3 m Novosibirsk (Tolmachevo) Russia
75%
13.7 m Sochi (Adler) Russia
69%
8.0 m Yekaterinburg (Koltsovo) Russia
69%
4.7 m Ufa (Mustai Karim) Russia
58%
3.6 m Samara (Kurumoch) Russia
53%
4.8 m Kaliningrad (Khrabrovo) Russia
44%
3.9 m Irkutsk Russia
42%
4.3 m Krasnoyarsk (International) Russia
42%
4.9 m Mineralnye Vody Russia
6%
No matching quizzes found
Score Distribution
Percent of People with Each Score
Percentile by Number Answered
Your Score History
You have not taken this quiz since the last reset